The Purdue Quiz Stats

 Plays Quiz not verified by Sporcle

Support Sporcle.
Go Orange.
Score 0/24 Timer 04:00
0 Plays Today
Hint Answer % Correct
NicknameBoilermakers
95%
ColorBlack
94.7%
ColorOld Gold
94.6%
RivalIndiana University
92.8%
CityWest Lafayette
88.1%
Unofficial MascotPurdue Pete
87.9%
Alumni: First on the MoonNeil Armstrong
86.9%
Alumni: NFL Super Bowl MVPDrew Brees
81.2%
FounderJohn Purdue
80.4%
World renowned forEngineering
80.2%
Official Fight SongHail Purdue!
75.2%
Year founded1869
72.5%
Hint Answer % Correct
Trophy of football game with rivalThe Old Oaken Bucket
69.1%
Official MascotBoilermaker Special
64.6%
Interjection in the fight songBoiler Up!
61.1%
Alumni: NCAA coaching legendJohn Wooden
48.9%
Current PresidentFrance A. Córdova
48.5%
Cradle ofAstronauts
43.1%
World renowned forAgriculture
42.9%
Alumni: NASCAR driverRyan Newman
25.4%
Alumni: NFL Super Bowl MVPLen Dawson
22.4%
Alumni: Last on the MoonEugene Cernan
15.9%
World renowned forAviation
13.3%
Bovine NameCow College
6.5%

You're not logged in!

Compare scores with friends on all Sporcle quizzes.
OR
Log In

From the Vault

The Illustrated Beatles: “Fab Foursomes!”

by needapausebutton

It's like turning a bunch of songs into a series of detailed emojis.
Remove Ads.
Support Sporcle.
Get the best of Sporcle when you Go Orange. This ad-free experience offers more features, more stats, and more fun while also helping to support Sporcle. Thank you for becoming a member.

Show Comments

Extras

Top Quizzes Today


Score Distribution

Your Account Isn't Verified!

In order to create a playlist on Sporcle, you need to verify the email address you used during registration. Go to your Sporcle Settings to finish the process.

Report this User

Report this user for behavior that violates our Community Guidelines.

Details: